| 000 | 00338nam a22001337a 4500 | ||
|---|---|---|---|
| 020 | _qPB. | ||
| 040 | _cFIZZA ISHAQ | ||
| 082 |
_a005.133 _bDAN |
||
| 100 |
_aLEWIS W.DANIEL. _990735 |
||
| 245 |
_aFUNDAMENTALS OF EMBEDED SOFTWARE THE ARM CORTEX / _cDANIEL W.LEWIS. |
||
| 260 |
_aPEARSON ; _c2016. |
||
| 300 | _a238 P. ; | ||
| 942 |
_2ddc _cBK |
||
| 999 |
_c588956 _d588956 |
||